| 000 | 00354nam a22001577a 4500 | ||
|---|---|---|---|
| 003 | OSt | ||
| 005 | 20240329110826.0 | ||
| 008 | 180428b xxu||||| |||| 00| 0 eng d | ||
| 020 | _aNA | ||
| 040 | _cSEROSOFT | ||
| 100 | _aGUPTA ATUL | ||
| 245 | _aTHE POWER OF VEDIC MATHS (HINDI) | ||
| 260 |
_aMUMBAI _bJAICO _c2017 |
||
| 300 | _a199 | ||
| 942 |
_2ddc _c06 |
||
| 999 |
_c44040 _d44040 |
||